| 000 | 00839cab a2200241 4500 | ||
|---|---|---|---|
| 001 | WB3504-13 | ||
| 008 | 090401t1999 xxu||||| |||| 00| 0 eng d | ||
| 035 | _a(Sirsi) u90924 | ||
| 041 | _aeng | ||
| 245 | _aTown centres get smart to win back shoppers | ||
| 260 | _c1999 | ||
| 350 | _a0 | ||
| 490 |
_aTimes _v26 January 1999, 23(1) |
||
| 520 | _aA smartcard has been tested in Nottingham, with the aim of attracting shoppers away from superstores and back to town centres. The card entitles the user to discounts on purchases in town centre shops and the use of local leisure facilities. | ||
| 650 | _aDISCOUNTS | ||
| 650 | _aOUT-OF-TOWN DEVELOPMENTS | ||
| 650 | _aSHOPPERS | ||
| 650 | _aSUPERSTORES | ||
| 650 | _aTOWN CENTRES | ||
| 690 | _aPROPERTY-COMMERCIAL PROPERTY-RETAIL PROPERTY | ||
| 942 | _n0 | ||
| 948 | _c26/01/1999 | ||
| 999 |
_c57684 _d57684 |
||